| 000 -CABECERA |
| Longitud fija campo de control |
00667nam a2200217 u 4500 |
| 001 - NÚMERO DE CONTROL |
| Número de control |
991060992576706706 |
| 003 - IDENTIFICADOR DEL NÚMERO DE CONTROL |
| Identificador del número de control |
OSt |
| 005 - FECHA Y HORA DE LA ÚLTIMA TRANSACCIÓN |
| Fecha y hora de la última transacción |
20230615180621.0 |
| 008 - CÓDIGOS DE INFORMACIÓN DE LONGITUD FIJA |
| Códigos de información de longitud fija |
s2021 xx r 000 0 cat d |
| 015 ## - NÚMERO DE BIBLIOGRAFÍA NACIONAL |
| Fuente |
Biblioteca de Catalunya |
| Número de bibliografía nacional |
DL B10755-2023 |
| 020 ## - NÚMERO INTERNACIONAL NORMALIZADO PARA LIBROS |
| Número Internacional Normalizado para Libros (ISBN) |
9788419676184 |
| 040 ## - FUENTE DE LA CATALOGACIÓN |
| Centro catalogador de origen |
CDMR |
| Lengua de catalogación |
cat |
| Centro transcriptor |
CDMR |
| 100 1# - PUNTO DE ACCESO PRINCIPAL-NOMBRE DE PERSONA |
| Nombre de persona |
Español, Piti |
| 9 (RLIN) |
3035 |
| 245 ## - MENCIÓN DE TÍTULO |
| Título |
Com escriure diàlegs que funcionin per a cinema i televisió |
| Resto del título |
: guia pràctica |
| Mención de responsabilidad, etc. |
/ Piti Español |
| 260 ## - PUBLICACIÓN, DISTRIBUCIÓN, ETC. (PIE DE IMPRENTA) |
| Lugar de publicación, distribución, etc. |
Barcelona |
| Nombre del editor, distribuidor, etc. |
: Laertes |
| Fecha de publicación, distribución, etc. |
, 2023 |
| 300 ## - DESCRIPCIÓN FÍSICA |
| Extensión |
204 pàgines |
| 490 ## - MENCIÓN DE SERIE |
| Mención de serie |
Kaplan |
| Designación de volumen o secuencia |
; 71 |
| 650 #0 - PUNTO DE ACCESO ADICIONAL DE MATERIA - TÉRMINO DE MATERIA |
| 9 (RLIN) |
836 |
| Término de materia o nombre geográfico como elemento inicial |
Guions cinematogràfics |
| 650 #0 - PUNTO DE ACCESO ADICIONAL DE MATERIA - TÉRMINO DE MATERIA |
| 9 (RLIN) |
3143 |
| Término de materia o nombre geográfico como elemento inicial |
Guions televisius |
| 942 ## - ENTRADA DE ELEMENTOS AGREGADOS (KOHA) |
| Fuente de clasificaión o esquema |
|
| Koha [por defecto] tipo de item |
Monografies |